ARRUPE JESUIT UNIVERSITY

CORONAVIRUS -STOP THE SPREAD - CLEAN,DISINFECT,COVER

Prehistoric rock art of the federation of Rhodesia and Nyasaland (Record no. 63990)

MARC details
000 -LEADER
fixed length control field 00642nam a2200217Ia 4500
003 - CONTROL NUMBER IDENTIFIER
control field 0100
005 - DATE AND TIME OF LATEST TRANSACTION
control field 20190218121320.0
008 - FIXED-LENGTH DATA ELEMENTS--GENERAL INFORMATION
fixed length control field 130303s9999 xx 000 0 und d
040 ## - CATALOGING SOURCE
Transcribing agency ARRUPELIB
050 ## - LIBRARY OF CONGRESS CALL NUMBER
Classification number SPC. N5310.G6
300 ## - PHYSICAL DESCRIPTION
Dimensions 32cm.
100 ## - MAIN ENTRY--PERSONAL NAME
Personal name Goodall, Elizabeth ... (et al.)
9 (RLIN) 44711
245 ## - TITLE STATEMENT
Title Prehistoric rock art of the federation of Rhodesia and Nyasaland
260 ## - PUBLICATION, DISTRIBUTION, ETC. (IMPRINT)
Name of publisher, distributor, etc National Publications Trust
Place of publication, distribution, etc Glasgow
Date of publication, distribution, etc 1959
300 ## - PHYSICAL DESCRIPTION
Extent 267p. ;
650 ## - SUBJECT ADDED ENTRY--TOPICAL TERM
Topical term or geographic name as entry element Rock art
Geographic subdivision Rhodesia
9 (RLIN) 44712
650 ## - SUBJECT ADDED ENTRY--TOPICAL TERM
Topical term or geographic name as entry element Rock art
Geographic subdivision Nyasaland
9 (RLIN) 44713
700 ## - ADDED ENTRY--PERSONAL NAME
Personal name Summers, Roger (ed.)
9 (RLIN) 44714
942 ## - ADDED ENTRY ELEMENTS (KOHA)
Source of classification or shelving scheme Library of Congress Classification
Koha item type SPC
Holdings
Withdrawn status Lost status Source of classification or shelving scheme Damaged status Not for loan Collection code Home library Current library Shelving location Date acquired Total Checkouts Full call number Barcode Date last seen Copy number Price effective from Koha item type
    Library of Congress Classification     SPECIAL Collection ARRUPE LIBRARY ARRUPE LIBRARY REFERENCE 05/03/2013   SPC. N5310.G6 46003096746 05/03/2013 1 05/03/2013 SPC
    Library of Congress Classification     SPECIAL Collection ARRUPE LIBRARY ARRUPE LIBRARY REFERENCE 18/02/2019   SPC. N5310.G6 46600003843 18/02/2019   18/02/2019 SPC

 

Arrupe Library. PO Box MP320 Mt Pleasant, Harare, Zimbabwe
263 242 745411|librarian@aju.ac.zw